000 00607nam a2200205Ia 4500
001 17178
003 GE_BSU
008 181216s||||||||xx |||||||||||||| ||und||
040 _cGE_BSU
080 _a821.161.1
100 _aპუშკინი, ალექსანდრე
245 _aლექსები
245 _cმთარგმნ.: კონსტანტინე ჭიჭინაძე.
260 _aთბილისი
260 _bნაკადული
260 _c1967
300 _a107გვ.6ფ.ილ.21სმ.
653 _aლექსები
942 _cBK
999 _c50240
_d50240